| 000 | 01044cam a2200289 a 4500 | ||
|---|---|---|---|
| 001 | 000003762 | ||
| 005 | 20200929150547.0 | ||
| 008 | 980430s2001 sp 000 f spa d | ||
| 020 | _a8408038990 (v.1) | ||
| 020 | _a8408039245 (v.2) | ||
| 040 |
_aDO-SdBNP _bspa _cBNPHU |
||
| 041 | 1 | 7 |
_aspa _heng |
| 082 |
_a813.54 _bC587ó |
||
| 100 | 1 |
_aClancy, Tom, _d1947- _910904 |
|
| 240 | 1 | 0 |
_aRainbow six. _lEspañol |
| 245 | 1 | 0 |
_aOperación Rainbow / _cTom Clancy ; traducción de Víctor Pozanco. |
| 260 |
_aBarcelona : _bPlaneta, _c2001. |
||
| 300 |
_a2 v. ; _c18 cm. |
||
| 505 | 2 | _av.1. El comando Rainbow Six se enfrenta a un grupo criminal dispuesto a exterminar el planeta. | |
| 505 | 2 | _av.2. El descenlace del gran bestseller Operación Rainbow. | |
| 534 |
_pTítulo original: _tRainbow six |
||
| 650 | 4 |
_aTerrorismo _xNovela _911453 |
|
| 650 | 4 |
_aTerrorismo _xPrevención _xNovela _911454 |
|
| 650 | 4 |
_aNovela estadounidense _ySiglo XX _96873 |
|
| 650 | 4 |
_aLiteratura estadounidense _ySiglo XX _96874 |
|
| 700 | 1 |
_aPozanco, Víctor, _etr. _98952 |
|
| 999 |
_c3584 _d3584 |
||